Most Populated City in Each County in Tennessee - Statistics

General Stats
  • This quiz has been taken 26 times
  • The average score is 26 of 95
Answer Stats
County City Pop. City % Correct
Hamilton 182,113 Chattanooga
100%
Knox 192,648 Knoxville
100%
Shelby 628,127 Memphis
100%
Davidson 692,587 Nashville
100%
Montgomery 170,957 Clarksville
89%
Madison 68,114 Jackson
89%
Rutherford 157,519 Murfreesboro
89%
Williamson 85,469 Franklin
78%
Washington 71,278 Johnson City
78%
Hawkins 55,582 Kingsport
78%
Sullivan 55,582 Kingsport
78%
Sevier 18,662 Sevierville
78%
Bradley 47,955 Cleveland
56%
Putnam 35,138 Cookeville
56%
Blount 32,263 Maryville
56%
Hamblen 30,777 Morristown
56%
McMinn 14,225 Athens
44%
Cumberland 12,268 Crossville
44%
Meigs 1,615 Decatur
44%
Dickson 16,085 Dickson
44%
Dyer 16,024 Dyersburg
44%
Chester 6,309 Henderson
44%
Sumner 62,257 Hendersonville
44%
Moore 6,644 Lynchburg
44%
Warren 13,861 McMinnville
44%
Anderson 31,824 Oak Ridge
44%
Polk 1,524 Benton
33%
Clay 1,393 Celina
33%
Maury 43,340 Columbia
33%
Greene 15,495 Greeneville
33%
Jefferson 8,262 Jefferson City
33%
Campbell 7,346 LaFollette
33%
Weakley 10,515 Martin
33%
Wilson 40,766 Mt. Juliet
33%
White 5,009 Sparta
33%
Monroe 6,335 Sweetwater
33%
Rhea 7,139 Dayton
22%
Carter 14,015 Elizabethton
22%
Lincoln 6,989 Fayetteville
22%
Claiborne 4,327 Harrogate
22%
Trousdale 7,870 Hartsville
22%
Roane 6,023 Kingston
22%
Macon 5,612 Lafayette
22%
Loudon 10,361 Lenoir City
22%
Johnson 2,444 Mountain City
22%
Cocke 6,916 Newport
22%
Scott 3,788 Oneida
22%
Henry 10,341 Paris
22%
Robertson 19,065 Springfield
22%
Obion 11,107 Union City
22%
Cheatham 5,130 Ashland City
11%
Haywood 9,661 Brownsville
11%
Pickett 790 Byrdstown
11%
Benton 3,685 Camden
11%
Smith 2,270 Carthage
11%
Gibson 7,855 Humboldt
11%
Fentress 1,891 Jamestown
11%
Lawrence 11,726 Lawrenceburg
11%
Marshall 12,483 Lewisburg
11%
Overton 3,994 Livingston
11%
Union 2,479 Maynardville
11%
Bledsoe 1,855 Pikeville
11%
Hardin 7,190 Savannah
11%
Bedford 23,743 Shelbyville
11%
DeKalb 5,136 Smithville
11%
Lake 4,013 Tiptonville
11%
Coffee 20,665 Tullahoma
11%
Wayne 2,330 Waynesboro
11%
Tipton 10,192 Atoka
0%
Grainger 2,981 Bean Station
0%
Crockett 2,485 Bells
0%
Hardeman 5,144 Bolivar
0%
Hickman 3,549 Centerville
0%
Morgan 2,861 Coalfield
0%
Stewart 1,749 Dover
0%
Sequatchie 5,455 Dunlap
0%
Houston 1,208 Erin
0%
Unicoi 5,994 Erwin
0%
Jackson 908 Gainesboro
0%
Grundy 1,752 Gruetli-Laager
0%
Lewis 3,792 Hohenwald
0%
Marion 3,625 Jasper
0%
Henderson 7,915 Lexington
0%
Perry 1,011 Linden
0%
Carroll 5,456 McKenzie
0%
Fayette 9,520 Oakland
0%
Decatur 2,082 Parsons
0%
Giles 8,231 Pulaski
0%
Lauderdale 7,785 Ripley
0%
McNairy 4,425 Selmer
0%
Hancock 1,315 Sneedville
0%
Van Buren 1,552 Spencer
0%
Humphreys 4,296 Waverly
0%
Franklin 9,546 Winchester
0%
Cannon 2,711 Woodbury
0%
No matching quizzes found
Score Distribution
Percent of People with Each Score
Percentile by Number Answered
Your Score History
You have not taken this quiz